The Smashing Pumpkins Albums - Statistics

General Stats
  • This quiz has been taken 10 times
  • The average score is 8 of 17
Answer Stats
Picture Answer % Correct
Gish
89%
Mellon Collie and the Infinite Sadness
89%
Siamese Dream
89%
Adore
78%
Atum
56%
Gish (Deluxe Edition)
56%
Mellon Collie and the Infinite Sadness (Deluxe Edition)
56%
Siamese Dream (Deluxe Edition)
56%
Machina/The Machines of God
44%
Oceania
44%
Adore (Super Deluxe)
33%
Machina/The Machines of God (25th Anniversary Edition)
33%
Aghori Mhori Mei
22%
Cyr
22%
Machina II/The Friends and Enemies of Modern Music
22%
Monuments to an Elegy
22%
Shiny and Oh So Bright Vol. 1 / LP: No Past. No Future. No Sun.
22%
No matching quizzes found
Score Distribution
Percent of People with Each Score
Percentile by Number Answered
Your Score History
You have not taken this quiz